书目信息 |
| 题名: |
诺奖大师纵论新材料和新能源
|
|
| 作者: | ;中国科学院国际合作局 , 中国发展研究基金会 , 北京市人民政府外事办公室 编 | |
| 分册: | ||
| 出版信息: | 北京 科学出版社 2015.07 |
|
| 页数: | 336页 | |
| 开本: | 24cm | |
| 丛书名: | ||
| 单 册: | ||
| 中图分类: | TB3-53 , TK01-53 | |
| 科图分类: | ||
| 主题词: | 材料科学--汉、英--文集 , 新能源--汉、英--文集 | |
| 电子资源: | ||
| ISBN: | 978-7-03-044739-5 | |
| 000 | 01541nam0 2200301 450 | |
| 001 | 0400006669 | |
| 005 | 20171105131109.0 | |
| 010 | @a978-7-03-044739-5@dCNY48.00 | |
| 100 | @a20150920d2015 em y0chiy50 ea | |
| 101 | 0 | @achi |
| 102 | @aCN@b110000 | |
| 105 | @aa z 000yy | |
| 106 | @ar | |
| 200 | 1 | @a诺奖大师纵论新材料和新能源@Anuo jiang da shi zong lun xin cai liao he xin neng yuan@e2013诺贝尔获奖得者北京论坛@e中英文对照@dNobel laureates'perspectives on new materials and energies@f中国科学院国际合作局,中国发展研究基金会,北京市人民政府外事办公室编@zeng |
| 210 | @a北京@c科学出版社@d2015.07 | |
| 215 | @a336页@c图,照片@d24cm | |
| 330 | @a本书写了2013年诺贝尔奖获得者北京论坛由国务院发展研究中心、中国科学院、中国科学技术协会和北京市人民政府合作主办,今年的年度主题是“新材料和新能源”,论坛邀请了13为物理学、化学、医学、经济学的诺贝尔奖获得者和国内外著名科研机构负责人参加,就新材料和新能源问题展开讨论。 | |
| 510 | 1 | @aNobel laureates'perspectives on new materials and energies@zeng |
| 517 | 1 | @a2013诺贝尔获奖得者北京论坛@A2013 nuo bei er huo jiang de zhe bei jing lun tan |
| 606 | 0 | @a材料科学@x汉、英@j文集 |
| 606 | 0 | @a新能源@x汉、英@j文集 |
| 690 | @aTB3-53@v5 | |
| 690 | @aTK01-53@v5 | |
| 711 | 02 | @a中国科学院国际合作局@Azhong guo ke xue yuan guo ji he zuo ju@4编 |
| 711 | 02 | @a中国发展研究基金会@Azhong guo fa zhan yan jiu ji jin hui@4编 |
| 711 | 02 | @a北京市人民政府外事办公室@Abei jing shi ren min zheng fu wai shi ban gong shi@4编 |
| 801 | 0 | @aCN@b上海新华@c20171105 |
| 905 | @b1024102-6@dTB3-53@e436@f5 | |
| 诺奖大师纵论新材料和新能源:2013诺贝尔获奖得者北京论坛:中英文对照=Nobel laureates'perspectives on new materials and energies/中国科学院国际合作局,中国发展研究基金会,北京市人民政府外事办公室编.-北京:科学出版社,2015.07 |
| 336页:图,照片;24cm |
| ISBN 978-7-03-044739-5:CNY48.00 |
| 本书写了2013年诺贝尔奖获得者北京论坛由国务院发展研究中心、中国科学院、中国科学技术协会和北京市人民政府合作主办,今年的年度主题是“新材料和新能源”,论坛邀请了13为物理学、化学、医学、经济学的诺贝尔奖获得者和国内外著名科研机构负责人参加,就新材料和新能源问题展开讨论。 |
| ● |
| 相关链接 |
|
|
|
|
正题名:诺奖大师纵论新材料和新能源
索取号:TB3-53/436
 
预约/预借
| 序号 | 登录号 | 条形码 | 馆藏地/架位号 | 状态 | 备注 |
| 1 | 1024102 | 210241023 | 第二样本阅览室/ [索取号:TB3-53/436] | 在馆 | |
| 2 | 1024103 | 210241031 | 密集书库-化学系/ [索取号:TB3-53/436] | 在馆 | |
| 3 | 1024104 | 210241040 | 第三借阅区/ [索取号:TB3-53/436] | 在馆 | |
| 4 | 1024105 | 210241059 | 第三借阅区/ [索取号:TB3-53/436] | 在馆 | |
| 5 | 1024106 | 210241068 | 第三借阅区/ [索取号:TB3-53/436] | 在馆 |